Física Universitaria / (Registro nro. 19)

000 -CABECERA
Longitud fija campo de control 00527nam a22002057a 4500
003 - IDENTIFICADOR DELl NÚMERO DE CONTROL
Identificador del número de control OSt
005 - FECHA Y HORA DE LA ÚLTIMA TRANSACCIÓN
Fecha y hora de la última transacción 20150806094141.0
008 - CÓDIGOS DE INFORMACIÓN DE LONGITUD FIJA
Códigos de información de longitud fija 030206s2002 ck 000 0 spa d
020 ## - NÚMERO INTERNACIONAL NORMALIZADO PARA LIBROS
Número Internacional Normalizado para Libros (ISBN) 9786074422887
040 ## - FUENTE DE LA CATALOGACIÓN
Centro transcriptor OSt
082 04 - NÚMERO DE LA CLASIFICACIÓN DECIMAL DEWEY
Número de clasificación Decimal 530
Número de documento (Cutter) Y686
Número de edición DEWEY 21
100 1# - PUNTO DE ACCESO PRINCIPAL-NOMBRE DE PERSONA
Nombre de persona Young, Hugh D.
9 (RLIN) 905
245 00 - TÍTULO PROPIAMENTE DICHO
Título Física Universitaria /
Mención de responsabilidad, etc. Hugh D. Young; Roger A. Freedman; A. Lewis Ford.
250 ## - MENCIÓN DE EDICIÓN
Mención de edición 12 ed.
260 ## - PUBLICACIÓN, DISTRIBUCIÓN, ETC. (PIE DE IMPRENTA)
Lugar de publicación, distribución, etc. México :
Nombre del editor, distribuidor, etc. Pearson,
Fecha de publicación, distribución, etc. 2009.
300 ## - DESCRIPCIÓN FÍSICA
Extensión 760 p.
490 ## - MENCIÓN DE SERIE
Designación de volumen o secuencia I v.
650 04 - PUNTO DE ACCESO ADICIONAL DE MATERIA - TÉRMINO DE MATERIA
Fuente del encabezamiento o término LEMB
Subdivisión de materia general CIENCIAS
9 (RLIN) 906
942 ## - ENTRADA DE ELEMENTOS AGREGADOS (KOHA)
Fuente de clasificaión o esquema
Koha [por defecto] tipo de item Libro
Existencias
Localización actual Renovaciones totales Signatura completa Forma de Material Fecha última consulta Coste, precio normal de compra Restricciones de uso Código de barras No para préstamo Localización en estanterías Fecha de Descarte Fecha último préstamo Mostrar en OPAC Disponibilidad Préstamos totales Fecha adquisición Asignatura Localización permanente Fuente de clasificación o esquema Tipo de Descarte Número de copia
Biblioteca Central 1530 Y686Colección General2014-08-06 NULL01046NULLFondo General2013-04-122014-08-06NULLNULL72013-04-12USAPBiblioteca Central  NULLEj .1
Biblioteca Central 60530 Y686Colección General2019-04-03 NULL01047NULLFondo General2013-04-122019-04-03NULLNULL542013-04-12USAPBiblioteca Central  NULLEj. 2
Biblioteca Central 42530 Y686Colección General2018-06-16 NULL01048NULLFondo General2013-04-122018-06-13NULLNULL472013-04-12USAPBiblioteca Central  NULLEj. 3
Biblioteca Central 7530 Y686Colección General2024-11-11520.00 13346NULLFondo General2015-07-102024-07-11NULLNULL102015-07-10USAPBiblioteca Central  NULLEj. 4
Biblioteca Central 3530 Y686Colección General2018-12-08520.00 13347NULLFondo General2015-07-102018-12-04NULLNULL52015-07-10USAPBiblioteca Central  NULLEj. 5

Campus Universitario - Ave. Circunvalación - San Pedro Sula, Honduras, C.A. / Tel: +504 2561.8777 / Fax: +504 2561.8787 / Email: info@usap.edu
Todos los Derechos Reservados. © MMXIII Universidad de San Pedro Sula